000 02104nam a22002897a 4500
005 20090221120427.0
008 090221t xxu||||| |||| 00| 0 eng d
010 _aB-340683-688
020 _a9788126026036
_c70.00
035 _aB-340683-688
037 _bNorth India Publishers & Distributors
040 _adpl
_bEnglish
082 _a398.2
245 _aLepcha folklore and folk songs /
_ccomplied, translated and edited by Lyangsong Tarnsang
260 _aNew Delhi
_bSahitya Akademi
_c2008
270 _aRabindra Bhavan, 35 Ferozeshah Road ,
_bNew Delhi
_e110001
300 _ax,138p.
_c22cm.(Hb)
500 _aIncludes references
942 _2ddc
_cEN
_h398.2
_mLEP
999 _c24142
_d24142